| 000 | 00750nam a2200265 i 4500 | ||
|---|---|---|---|
| 001 | bg | ||
| 100 | 1 | _aGRABIŃSKA, Teresa | |
| 245 | 1 | 0 |
_aPoznanie i modelowanie / _cTeresa Grabińska. |
| 260 |
_aWrocław : _bOficyna Wydawnicza Politechniki Wrocławskiej, _c1994. |
||
| 300 |
_a140 s. ; _c24 cm. |
||
| 504 | _aBibliogr. s. 133-137. | ||
| 650 | 9 |
_aAstronomia _xteoria |
|
| 650 | 9 |
_aFizyka _xteoria |
|
| 650 | 9 |
_aKosmologia _xteoria |
|
| 650 | 9 |
_aModele _xteoria |
|
| 650 | 9 |
_aNauki empiryczne _xfilozofia |
|
| 650 | 9 |
_aTeoria poznania _xzagadnienia |
|
| 020 | _a8370851037 | ||
| 040 | _cBPK | ||
| 041 | 0 | _apol | |
| 080 | _a165:521:524.8:53:167/168 | ||
| 920 | _a83-7085-103-7 | ||
| 942 | _cKS | ||
| 008 | s pl f |000 0 pol | ||
| 999 |
_c30774 _d30774 |
||
| 856 |
_uhttp://koha.tu.koszalin.pl/cgi-bin/koha/opac-detail.pl?biblionumber=30774 _yKatalog online BPK |
||